Central Library OPAC University of Rajshahi

Current concepts in clinical nursing / (Record no. 12269)

MARC details
000 -LEADER
fixed length control field 00794cam a22002772 4500
001 - CONTROL NUMBER
control field 12269
003 - CONTROL NUMBER IDENTIFIER
rucl marc code UkOxU
005 - DATE AND TIME OF LATEST TRANSACTION
control field 20211208235250.0
008 - FIXED-LENGTH DATA ELEMENTS--GENERAL INFORMATION
fixed length control field 140128s1971 moua 001 0 eng d
020 ## - INTERNATIONAL STANDARD BOOK NUMBER
International Standard Book Number 801615686
035 ## - SYSTEM CONTROL NUMBER
System control number (BD-RjUL)12318
040 ## - CATALOGING SOURCE
Original cataloging agency CCL
Transcribing agency CCL
Modifying agency BD-RUj
Language of cataloging eng
041 ## - LANGUAGE CODE
Language code of text/sound track or separate title eng
082 04 - DEWEY DECIMAL CLASSIFICATION NUMBER
Edition number 11
Classification number 610
Author mark and year CUR 1971
090 ## - LOCALLY ASSIGNED LC-TYPE CALL NUMBER (OCLC); LOCAL CALL NUMBER (OCLC)
Classification number (OCLC) (R) ; Classification number, CALL (RLIN) (NR) RT63
Local cutter number (OCLC) ; Book number/undivided call number, CALL (RLIN) .C86
096 ## - LOCALLY ASSIGNED NLM-TYPE CALL NUMBER (OCLC)
Classification number WY100 C976 1967
245 00 - TITLE STATEMENT
Title Current concepts in clinical nursing /
Statement of responsibility, etc. Ed. by Betty S. Bergersen [and others]
Number of part/section of a work Volume III
260 ## - PUBLICATION, DISTRIBUTION, ETC. (IMPRINT)
Place of publication, distribution, etc. St. Louis :
Name of publisher, distributor, etc. Mosby,
Date of publication, distribution, etc. c1971
300 ## - PHYSICAL DESCRIPTION
Pagination xi.352p. :
Illustrations illus. ;
Size 26 cm.
504 ## - BIBLIOGRAPHY, ETC. NOTE
Bibliography, etc Includes Index
650 #0 - SUBJECT ADDED ENTRY--TOPICAL TERM
Topical term or geographic name as entry element Nursing.
9 (RLIN) 38090
Topical term or geographic name as entry element Nursing Care
9 (RLIN) 38091
700 1# - ADDED ENTRY--PERSONAL NAME
Personal name Bergersen, Betty S.
Fuller form of name (Betty Serene),
Dates associated with a name 1923-
942 ## - ADDED ENTRY ELEMENTS (KOHA)
Source of classification or shelving scheme Dewey Decimal Classification
Koha item type Books
Holdings
Lost status Source of classification or shelving scheme Materials specified (bound volume or other part) Damaged status Not for loan Collection code Permanent Location Current Location Shelving location Date acquired Source of acquisition Total Checkouts Full call number Date last seen Copy number Koha item type
  Dewey Decimal Classification V-3     Non-fiction Central Library, University of Rajshahi Central Library, University of Rajshahi   15/05/1991 Canada gift   610 CUR 1971 28/01/2014 C-2 Books
  Dewey Decimal Classification V-3   Not For Loan Non-fiction Central Library, University of Rajshahi Central Library, University of Rajshahi Reading Room 29/01/1991 Gift   610 CUR 1971 08/02/2014 C-1 Books